[Event "4NCL Division 4 South"]
[Site "Reading, ENG"]
[Date "2018.05.07"]
[Round "11.11"]
[White "Briscoe, Chris"]
[Black "Sagues, Vincent"]
[Result "1-0"]
[WhiteElo "2202"]
[BlackElo "1907"]
[PlyCount "55"]
[EventDate "2018.05.07"]

1. e4 e6 2. d4 d5 3. Nc3 Bb4 4. e5 c5 5. a3 Bxc3+ 6. bxc3 Ne7 7. Qg4 O-O 8. Bd3
f5 9. exf6 Rxf6 10. Qh4 Nf5 11. Bxf5 exf5 12. Ne2 Qe8 13. Be3 b6 14. Nf4 cxd4
15. cxd4 Bb7 16. O-O Nd7 17. Rfe1 Qf7 18. Bd2 Nf8 19. Re5 Nd7 20. Re3 Rc8 21.
Rae1 Bc6 22. Re7 Qf8 23. Qg5 Rf7 24. Bb4 Rxe7 25. Rxe7 Qf6 26. Qh5 a5 27. Bd6
Qxd6 28. Qf7+ 1-0

[Event "4NCL Division 4 South"]
[Site "Reading, ENG"]
[Date "2018.05.07"]
[Round "11.12"]
[White "Szymanski, Mark"]
[Black "Scott, David A"]
[Result "0-1"]
[WhiteElo "1894"]
[BlackElo "2142"]
[PlyCount "92"]
[EventDate "2018.05.07"]

1. d4 Nf6 2. Nf3 d5 3. e3 c5 4. Bd3 e6 5. c3 b6 6. Qe2 Bb7 7. Ne5 Bd6 8. f4
Nbd7 9. Nd2 O-O 10. O-O Ne4 11. Rf3 f6 12. Nxd7 Qxd7 13. Rh3 e5 14. Nxe4 dxe4
15. Bc4+ Rf7 16. Qh5 h6 17. dxe5 fxe5 18. fxe5 Bxe5 19. Bxf7+ Qxf7 20. Qxf7+
Kxf7 21. Bd2 Ba6 22. Rh5 Ke6 23. g4 Be2 24. h3 Rf8 25. Re1 Bb5 26. Kg2 Be8 27.
Rf5 Rxf5 28. gxf5+ Kxf5 29. Rf1+ Ke6 30. Be1 Bh5 31. Bg3 Bf3+ 32. Kf2 Bf6 33.
Rb1 Kd5 34. b3 Bxc3 35. Bb8 a6 36. Bc7 b5 37. Rc1 Bf6 38. Rc2 c4 39. bxc4+ bxc4
40. Ba5 Kc5 41. Bc3 Bxc3 42. Rxc3 Kb4 43. Rc1 c3 44. Rb1+ Kc4 45. Rb6 c2 46.
Rxa6 Kb5 0-1

[Event "4NCL Division 4 South"]
[Site "Reading, ENG"]
[Date "2018.05.07"]
[Round "11.13"]
[White "Singleton, Michael P F"]
[Black "Gibbs, Dominic V"]
[Result "0-1"]
[WhiteElo "2077"]
[BlackElo "1880"]
[PlyCount "84"]
[EventDate "2018.05.07"]

1. d4 f5 2. e4 fxe4 3. Nc3 Nf6 4. f3 d5 5. fxe4 dxe4 6. Bc4 Nc6 7. Nge2 Na5 8.
Bb5+ c6 9. Ba4 b5 10. Bb3 Nxb3 11. axb3 Bf5 12. O-O e6 13. Bf4 Be7 14. h3 O-O
15. Qd2 Nd5 16. Nxd5 exd5 17. Be5 Bd6 18. Qc3 Qc7 19. Nf4 Bxe5 20. dxe5 Qb6+
21. Kh1 e3 22. b4 Rae8 23. Rae1 g5 24. Nh5 d4 25. Qb3+ Be6 26. Rxf8+ Kxf8 27.
Qd3 Re7 28. Nf6 g4 29. Rf1 Rf7 30. Nxh7+ Ke7 31. Rxf7+ Bxf7 32. hxg4 c5 33. Nf6
Qd8 34. bxc5 Qh8+ 35. Kg1 Qh4 36. Qf1 Bc4 37. Qf3 Qe1+ 38. Kh2 Qh4+ 39. Qh3
Qxh3+ 40. gxh3 e2 41. c6 e1=Q 42. c7 Be6 0-1

[Event "4NCL Division 4 South"]
[Site "Reading, ENG"]
[Date "2018.05.07"]
[Round "11.14"]
[White "Kenning, Paul H"]
[Black "Seymour, Timothy P"]
[Result "0-1"]
[WhiteElo "1841"]
[BlackElo "2038"]
[PlyCount "58"]
[EventDate "2018.05.07"]

1. e4 e5 2. Nc3 Nf6 3. g3 Bc5 4. Bg2 Nc6 5. Nge2 Nd4 6. O-O d6 7. h3 Bd7 8. Nd5
Nxd5 9. exd5 h5 10. c3 Nf5 11. d4 Bb6 12. Re1 O-O 13. Kh2 Qf6 14. dxe5 dxe5 15.
f4 h4 16. fxe5 Qxe5 17. Nf4 hxg3+ 18. Kh1 Qd6 19. Qd3 Bf2 20. Re2 Rae8 21. Bd2
Nh4 22. c4 Bf5 23. Qc3 Rxe2 24. Nxe2 Re8 25. Nf4 Be4 26. Bxe4 Rxe4 27. c5 Qd7
28. c6 bxc6 29. Qxc6 Qf5 0-1

[Event "4NCL Division 4 South"]
[Site "Reading, ENG"]
[Date "2018.05.07"]
[Round "11.15"]
[White "Faulks, Nick"]
[Black "Lightfoot, Malcolm J"]
[Result "1-0"]
[WhiteElo "1919"]
[BlackElo "1881"]
[PlyCount "63"]
[EventDate "2018.05.07"]

1. e4 c5 2. Nf3 d6 3. d4 cxd4 4. Nxd4 Nf6 5. Nc3 a6 6. Bg5 e6 7. f4 Qc7 8. Qf3
Nbd7 9. O-O-O b5 10. Bd3 Bb7 11. Rhe1 O-O-O 12. Bxb5 axb5 13. Ncxb5 Qb6 14. Rd3
e5 15. Rc3+ Nc5 16. fxe5 dxe5 17. Nb3 Qxb5 18. Qf2 Rd4 19. Bxf6 gxf6 20. Qxf6
Rg8 21. Qxf7 Bh6+ 22. Kb1 Rgd8 23. Nxd4 exd4 24. Qf5+ Kb8 25. Qe5+ Ka8 26. Rxc5
Qb6 27. Rb5 Qc6 28. Ra5+ Ba6 29. Rf1 Rc8 30. Qd5 Qxd5 31. exd5 Kb7 32. Rxa6 1-0

[Event "4NCL Division 4 South"]
[Site "Reading, ENG"]
[Date "2018.05.07"]
[Round "11.16"]
[White "Donaghay, Richard H"]
[Black "Alcock, Graham P"]
[Result "1-0"]
[WhiteElo "1845"]
[BlackElo "1767"]
[PlyCount "95"]
[EventDate "2018.05.07"]

1. e4 d5 2. exd5 Qxd5 3. Nc3 Qd6 4. d4 Nf6 5. Nf3 h6 6. h3 Bf5 7. Nb5 Qd8 8.
Bf4 Nd5 9. Qd2 c6 10. Na3 Nxf4 11. Qxf4 e6 12. g4 Bd6 13. Qd2 Be4 14. Be2 g5
15. Nc4 Bf4 16. Qc3 O-O 17. O-O Nd7 18. Ncd2 Bh7 19. Bd3 Bxd3 20. Qxd3 Nf6 21.
Rad1 Bc7 22. Nc4 Nd5 23. Nfe5 Nf4 24. Qf3 Kg7 25. Nd3 Qf6 26. Nce5 Nd5 27. Qe4
Qe7 28. c4 f5 29. Qg2 Nb6 30. f3 Rad8 31. Qf2 Nd7 32. Qe3 Nf6 33. Rfe1 Qd6 34.
Nc5 b6 35. Nb7 Qb4 36. Nxd8 Rxd8 37. Nxc6 Qd6 38. Ne5 Qb4 39. b3 Qd6 40. Qf2
Nd7 41. Qc2 Nxe5 42. dxe5 Qc5+ 43. Kg2 Rxd1 44. Qxd1 Bxe5 45. Qd7+ Kf6 46. Qe8
Qa5 47. Qh8+ Kg6 48. Qxe5 1-0

[Event "4NCL Division 4 South"]
[Site "Reading, ENG"]
[Date "2018.05.07"]
[Round "11.21"]
[White "Pink, Joshua"]
[Black "Fegan, Chris"]
[Result "1/2-1/2"]
[WhiteElo "2050"]
[BlackElo "2036"]
[PlyCount "26"]
[EventDate "2018.05.07"]

1. e4 c5 2. Nf3 d6 3. d4 cxd4 4. Nxd4 Nf6 5. Nc3 g6 6. Be3 Bg7 7. Be2 O-O 8.
Qd2 Nc6 9. O-O-O Bd7 10. Kb1 a6 11. f3 Ne5 12. g4 b5 13. h4 h5 1/2-1/2

[Event "4NCL Division 4 South"]
[Site "Reading, ENG"]
[Date "2018.05.07"]
[Round "11.22"]
[White "Rice, Chris B"]
[Black "Ireland, David J"]
[Result "1-0"]
[WhiteElo "1963"]
[BlackElo "1997"]
[PlyCount "51"]
[EventDate "2018.05.07"]

1. c4 e5 2. g3 Nc6 3. Nc3 Nf6 4. Bg2 d6 5. e4 g6 6. Nge2 Bg7 7. O-O O-O 8. d3
Nh5 9. h3 f5 10. exf5 gxf5 11. f4 Be6 12. Nd5 Nf6 13. Be3 Bxd5 14. cxd5 Ne7 15.
Qb3 b6 16. fxe5 Nh5 17. d4 Kh8 18. e6 Ng6 19. Qc2 Nxg3 20. Nxg3 f4 21. Nf5 fxe3
22. Qe4 Qg5 23. Rae1 c5 24. dxc6 d5 25. Qg4 Qd8 26. e7 1-0

[Event "4NCL Division 4 South"]
[Site "Reading, ENG"]
[Date "2018.05.07"]
[Round "11.23"]
[White "Nwachukwu, Chino"]
[Black "Fowler, David"]
[Result "0-1"]
[WhiteElo "1915"]
[BlackElo "1910"]
[PlyCount "118"]
[EventDate "2018.05.07"]

1. e4 e5 2. Nf3 Nc6 3. Bc4 Bc5 4. O-O Nf6 5. c3 d6 6. d4 exd4 7. cxd4 Bb6 8. h3
h6 9. e5 dxe5 10. dxe5 Qxd1 11. Rxd1 Ne4 12. Rf1 Be6 13. Bxe6 fxe6 14. Nbd2
Nxd2 15. Bxd2 O-O-O 16. Bc3 Rhf8 17. Rad1 g5 18. Nd2 g4 19. hxg4 Rf4 20. g5
hxg5 21. g3 Rf5 22. Kg2 g4 23. f4 gxf3+ 24. Nxf3 Rg8 25. Rh1 Ne7 26. Rh6 Nd5
27. Bd2 Rf7 28. Ng5 Rfg7 29. Rxe6 Be3 30. Be1 c6 31. Nh3 Rh7 32. Rd3 Rgh8 33.
Rxd5 cxd5 34. Nf4 d4 35. Nd5 Bg5 36. Rg6 Rd7 37. Nb4 Bc1 38. Nd3 Be3 39. Kf3
Rh6 40. Rg8+ Rd8 41. Rg7 Rd7 42. Rg8+ Rd8 43. Rg7 Rd7 44. Rg4 Re7 45. Ke4 Rh2
46. Bb4 Re8 47. Rg7 Re2 48. Kd5 Bh6 49. Rh7 Bf8 50. Bd6 Bxd6 51. exd6 Rd8 52.
b4 Re3 53. Rc7+ Kb8 54. Nc5 d3 55. Rxb7+ Ka8 56. Kc6 d2 57. Na6 Rxd6+ 58. Kxd6
Kxb7 59. Nc5+ Ka8 0-1

[Event "4NCL Division 4 South"]
[Site "Reading, ENG"]
[Date "2018.05.07"]
[Round "11.24"]
[White "Stayt, James N"]
[Black "Atara, Omeet J"]
[Result "1/2-1/2"]
[WhiteElo "1942"]
[BlackElo "1832"]
[PlyCount "57"]
[EventDate "2018.05.07"]

1. e4 d5 2. exd5 Qxd5 3. Nc3 Qa5 4. d4 c6 5. Nf3 Bf5 6. Bc4 e6 7. O-O Be7 8.
Bf4 Nf6 9. h3 O-O 10. Qe2 Nd5 11. Nxd5 cxd5 12. Bd3 Bxd3 13. Qxd3 Nc6 14. c3
Qd8 15. Rfe1 Rc8 16. Re2 Bd6 17. Ng5 g6 18. Qg3 Bxf4 19. Qxf4 h6 20. Nf3 Kg7
21. Rae1 Qf6 22. Qg3 Rce8 23. Re3 a6 24. h4 Ne7 25. R3e2 Nf5 26. Qf4 Ne7 27.
Qc7 Rb8 28. Qe5 Rbd8 29. Qc7 1/2-1/2

[Event "4NCL Division 4 South"]
[Site "Reading, ENG"]
[Date "2018.05.07"]
[Round "11.25"]
[White "Price, Andrew"]
[Black "Mashayekh, Majid"]
[Result "1/2-1/2"]
[WhiteElo "1832"]
[BlackElo "1897"]
[PlyCount "56"]
[EventDate "2018.05.07"]

1. e4 c5 2. Nf3 Nc6 3. d4 cxd4 4. Nxd4 Nf6 5. Nc3 d6 6. Bg5 e6 7. Qd2 a6 8. Be2
Bd7 9. O-O h6 10. Be3 Qc7 11. Nb3 b5 12. a3 Rc8 13. f3 Be7 14. Rfd1 Na5 15.
Nxa5 Qxa5 16. Bf4 e5 17. Be3 Be6 18. Bf1 Qc7 19. Qf2 O-O 20. g4 Rfd8 21. Bb6
Qc6 22. Bxd8 Bxd8 23. Kg2 Bb6 24. Qe1 d5 25. Nxd5 Bxd5 26. exd5 Nxd5 27. Rxd5
Qxd5 28. Bd3 Qd4 1/2-1/2

[Event "4NCL Division 4 South"]
[Site "Reading, ENG"]
[Date "2018.05.07"]
[Round "11.26"]
[White "Makkar, Rajat"]
[Black "Woolgar, Steven G"]
[Result "1-0"]
[WhiteElo "1813"]
[BlackElo "1780"]
[PlyCount "95"]
[EventDate "2018.05.07"]

1. d4 Nf6 2. c4 e6 3. g3 d5 4. Nf3 Nc6 5. Bg2 Bb4+ 6. Bd2 O-O 7. Bxb4 Nxb4 8.
a3 Nc6 9. Nc3 Re8 10. O-O Rb8 11. Ne5 a6 12. b4 Ne7 13. e4 dxc4 14. Nxc4 b5 15.
Ne5 Bb7 16. Qd3 Nc6 17. Nxc6 Bxc6 18. Rac1 Bb7 19. a4 c6 20. a5 Qe7 21. e5 Nd5
22. Bxd5 cxd5 23. Na2 f6 24. f4 fxe5 25. fxe5 Rf8 26. Rc5 Rxf1+ 27. Qxf1 Rf8
28. Qe2 Qf7 29. Kg2 Qf5 30. Nc3 g5 31. Rc7 Bc8 32. h3 h5 33. Nd1 g4 34. hxg4
hxg4 35. Nf2 Qf3+ 36. Qxf3 gxf3+ 37. Kf1 Rd8 38. Ng4 Kf8 39. Nf6 f2 40. Kxf2
Bd7 41. Nxd7+ Ke7 42. Nf6+ Kf8 43. g4 Rb8 44. g5 Rb7 45. Rc8+ Kf7 46. Rg8 Rc7
47. g6+ Ke7 48. Re8# 1-0

[Event "4NCL Division 4 South"]
[Site "Reading, ENG"]
[Date "2018.05.07"]
[Round "11.31"]
[White "Cooksey, Paul S"]
[Black "Wallace, John Paul"]
[Result "1/2-1/2"]
[WhiteElo "2410"]
[BlackElo "2399"]
[PlyCount "111"]
[EventDate "2018.05.07"]

1. d4 d6 2. Nf3 Nf6 3. c4 g6 4. g3 Bg7 5. Bg2 O-O 6. Nc3 Nc6 7. O-O Bg4 8. d5
Na5 9. Qd3 c5 10. h3 Bd7 11. e4 a6 12. Bd2 b5 13. b3 Rb8 14. Rac1 Qc7 15. Rfe1
bxc4 16. bxc4 Rb2 17. Bf1 Rfb8 18. Rb1 R2b4 19. Rxb4 cxb4 20. Nd1 b3 21. Bxa5
Qxa5 22. axb3 Qb4 23. e5 dxe5 24. Rxe5 Qa3 25. Nd4 Qd6 26. Re3 e6 27. dxe6 fxe6
28. Nxe6 Qxd3 29. Bxd3 Rxb3 30. Nxg7 Kxg7 31. g4 g5 32. Kf1 a5 33. Ke2 a4 34.
Re5 h6 35. Ra5 Bc6 36. Ra7+ Kg8 37. Ra6 Be4 38. Bxe4 Nxe4 39. Rxa4 Rxh3 40. Ra7
Rb3 41. Rc7 Nf6 42. Ne3 h5 43. gxh5 Nxh5 44. Nd5 g4 45. Kd2 Rf3 46. Ke1 g3 47.
fxg3 Nxg3 48. c5 Rf1+ 49. Kd2 Rf7 50. Rc8+ Rf8 51. Nf6+ Kg7 52. Rxf8 Kxf8 53.
c6 Ke7 54. c7 Ne4+ 55. Kd3 Nd6 56. Nd5+ 1/2-1/2

[Event "4NCL Division 4 South"]
[Site "Reading, ENG"]
[Date "2018.05.07"]
[Round "11.32"]
[White "Wilks, Simon"]
[Black "Webb, Richard M"]
[Result "1/2-1/2"]
[WhiteElo "2020"]
[BlackElo "2218"]
[PlyCount "55"]
[EventDate "2018.05.07"]

1. e4 c5 2. Nf3 d6 3. Bb5+ Bd7 4. Bxd7+ Qxd7 5. c4 Nc6 6. d4 cxd4 7. Nxd4 g6 8.
Be3 Bg7 9. f3 Nf6 10. Nc3 O-O 11. O-O Rac8 12. b3 Rfd8 13. Rc1 e6 14. Nde2 d5
15. cxd5 exd5 16. Nxd5 Nxd5 17. Qxd5 Qxd5 18. exd5 Rxd5 19. Nf4 Ra5 20. a4 Re8
21. Bf2 Bh6 22. Rc4 Ne5 23. Rb4 Bxf4 24. Rxf4 Nd3 25. Rd4 Nxf2 26. Kxf2 Rae5
27. Rd7 R8e7 28. Rxe7 1/2-1/2

[Event "4NCL Division 4 South"]
[Site "Reading, ENG"]
[Date "2018.05.07"]
[Round "11.33"]
[White "Johnson, Derek R"]
[Black "Penna, Tommaso"]
[Result "0-1"]
[WhiteElo "2050"]
[BlackElo "1984"]
[PlyCount "66"]
[EventDate "2018.05.07"]

1. e4 e6 2. Nc3 d5 3. Nf3 Nf6 4. e5 Nfd7 5. d4 c5 6. dxc5 Nc6 7. Bf4 Bxc5 8.
Bd3 f6 9. exf6 Nxf6 10. O-O O-O 11. Qd2 Bd7 12. a3 Nh5 13. Bg5 Qe8 14. b4 Bd6
15. Rfe1 Rxf3 16. gxf3 Ne5 17. Rxe5 Bxe5 18. Re1 Qb8 19. Kh1 Qc7 20. Ne2 Rf8
21. f4 Nxf4 22. Bxf4 Bxf4 23. Nxf4 Qxf4 24. Qxf4 Rxf4 25. Kg2 g5 26. Kg3 Kg7
27. Rc1 e5 28. f3 h5 29. c4 h4+ 30. Kg2 e4 31. Be2 d4 32. fxe4 Bc6 33. Bf3 g4
0-1

[Event "4NCL Division 4 South"]
[Site "Reading, ENG"]
[Date "2018.05.07"]
[Round "11.34"]
[White "Jones, Tibor"]
[Black "Purdon, Colin"]
[Result "1-0"]
[WhiteElo "1889"]
[BlackElo "2055"]
[PlyCount "129"]
[EventDate "2018.05.07"]

1. d4 Nf6 2. c4 e6 3. Nc3 Bb4 4. e3 O-O 5. Nge2 d5 6. a3 Bd6 7. c5 Be7 8. Ng3
b6 9. b4 c6 10. Bd3 a5 11. Bd2 Ba6 12. Bxa6 Rxa6 13. Na4 b5 14. Nb6 a4 15. O-O
Nbd7 16. Nxd7 Qxd7 17. Ne2 Raa8 18. f3 Rad8 19. Be1 g6 20. Nf4 Ne8 21. Nd3 f6
22. g4 Ng7 23. Bg3 Rde8 24. Kf2 Bd8 25. Ke2 Bc7 26. Bxc7 Qxc7 27. f4 e5 28.
fxe5 Ne6 29. h4 Qg7 30. exf6 Qh6 31. Ne5 Qxh4 32. f7+ Rxf7 33. Rxf7 Ng5 34. Qf1
Ne4 35. Rf3 Qh2+ 36. Rf2 Ng3+ 37. Kd3 Nxf1 38. Rxh2 Nxh2 39. Ke2 Rxe5 40. dxe5
Nxg4 41. Rf1 41... Nxe5 $11 42. Rf6 Nc4 43. Rxc6 Kf8 44. Rc8+ Ke7 45. Rc7+ Kd8
46. Rxh7 Kc8 47. Rg7 Nxa3 48. Rxg6 Nc2 49. Kd2 Nxb4 50. Rb6 Kc7 51. Rxb5 Nc6
52. Kc3 a3 53. Rb3 Ne5 54. Rxa3 Kc6 55. Kb4 Nc4 56. Rc3 Nd2 57. Rc2 Nf1 58. Re2
Ng3 59. Rg2 Nf5 60. Rg6+ Kd7 61. c6+ Kc7 62. Kc5 Nxe3 63. Rg7+ Kc8 64. Rh7 Ng4
65. Kb6 1-0

[Event "4NCL Division 4 South"]
[Site "Reading, ENG"]
[Date "2018.05.07"]
[Round "11.35"]
[White "Tart, Peter K"]
[Black "Siddharth, Gopakumar"]
[Result "1-0"]
[WhiteElo "1939"]
[BlackElo "1838"]
[PlyCount "55"]
[EventDate "2018.05.07"]

1. e4 c5 2. Nc3 Nc6 3. Bb5 Nd4 4. Bc4 e6 5. Nge2 Nf6 6. O-O b5 7. Nxd4 bxc4 8.
Nf3 d5 9. exd5 exd5 10. d4 cxd3 11. Qxd3 Be7 12. Bg5 O-O 13. Bxf6 Bxf6 14. Qxd5
Qxd5 15. Nxd5 Bxb2 16. Rab1 Rb8 17. Ne7+ Kh8 18. Nc6 Rb6 19. Nce5 Be6 20. Nd3
Ba3 21. Rxb6 axb6 22. Rb1 Rb8 23. Nde5 Rd8 24. h3 Rd6 25. Ng5 Bxa2 26. Ra1 Bb2
27. Nexf7+ Kg8 28. Rxa2 1-0

[Event "4NCL Division 4 South"]
[Site "Reading, ENG"]
[Date "2018.05.07"]
[Round "11.36"]
[White "Keetley, Peter"]
[Black "Love, James"]
[Result "1-0"]
[WhiteElo "1682"]
[BlackElo "1510"]
[PlyCount "37"]
[EventDate "2018.05.07"]

1. d4 g6 2. Bf4 Bg7 3. e3 d6 4. Nf3 Nf6 5. Be2 Bf5 6. c4 Nbd7 7. Nc3 Nb6 8. b4
O-O 9. Qb3 d5 10. c5 Nbd7 11. Nxd5 Nxd5 12. Qxd5 Be6 13. Qe4 Nf6 14. Qxb7 Bd5
15. Qxc7 g5 16. Qxd8 Raxd8 17. Bxg5 Rfe8 18. Bb5 Nd7 19. c6 1-0

[Event "4NCL Division 4 South"]
[Site "Reading, ENG"]
[Date "2018.05.07"]
[Round "11.41"]
[White "Norman, Kenneth I"]
[Black "De Coverly, Roger D"]
[Result "1/2-1/2"]
[WhiteElo "2105"]
[BlackElo "1934"]
[PlyCount "106"]
[EventDate "2018.05.07"]

1. Nf3 b6 2. g3 Bb7 3. Bg2 c5 4. O-O Nf6 5. c4 e6 6. Nc3 Be7 7. d4 cxd4 8. Qxd4
O-O 9. Rd1 a6 10. Bf4 Bc5 11. Qd2 b5 12. Bd6 Bxd6 13. Qxd6 bxc4 14. Ne5 Bxg2
15. Kxg2 Qc8 16. e4 Qb7 17. Qd4 Nc6 18. Nxc6 Qxc6 19. Kg1 Rad8 20. e5 Ne8 21.
Ne4 f6 22. f4 f5 23. Nd2 d5 24. Nxc4 Rb8 25. Ne3 Qb6 26. Qxb6 Rxb6 27. b3 h6
28. Rac1 g5 29. Kf2 Kg7 30. Rc5 Rf7 31. Nc2 Rc7 32. Rxc7+ Nxc7 33. Nd4 gxf4 34.
gxf4 Kf7 35. Ke3 Nb5 36. Nxb5 Rxb5 37. Rc1 a5 38. Rc7+ Ke8 39. Rh7 a4 40. bxa4
Ra5 41. Rxh6 Ke7 42. Rh7+ Ke8 43. Rb7 Rxa4 44. Rb2 Ra3+ 45. Kf2 Kf7 46. Rb7+
$11 46... Kg6 47. Rb6 Kh5 48. Rxe6 Kg4 49. Rd6 Kxf4 50. Rxd5 Rxa2+ 51. Kg1 Ra1+
52. Kf2 Ra2+ 53. Kg1 Ra1+ 1/2-1/2

[Event "4NCL Division 4 South"]
[Site "Reading, ENG"]
[Date "2018.05.07"]
[Round "11.42"]
[White "Marsh, Roger D W"]
[Black "Crombleholme, Alan K"]
[Result "1/2-1/2"]
[WhiteElo "1956"]
[BlackElo "1992"]
[PlyCount "88"]
[EventDate "2018.05.07"]

1. d4 Nf6 2. c4 e6 3. Nc3 d5 4. cxd5 exd5 5. Bg5 Nbd7 6. e3 c6 7. Bd3 h6 8. Bh4
Be7 9. Qc2 O-O 10. Nge2 Re8 11. O-O Ne4 12. Bxe7 Qxe7 13. Rab1 Ndf6 14. b4 Nxc3
15. Nxc3 Bd7 16. b5 cxb5 17. Bxb5 b6 18. Bd3 Rec8 19. Qb3 Qd6 20. Rbc1 Rc7 21.
Ne2 Rxc1 22. Rxc1 Rc8 23. Rxc8+ Bxc8 24. Nc3 Bd7 25. Be2 Bf5 26. Bf3 Be4 27.
Bxe4 dxe4 28. h3 Qc6 29. a4 g6 30. Qa3 Kg7 31. Kh2 Qc7+ 32. g3 h5 33. Qb3 h4
34. Ne2 hxg3+ 35. fxg3 Qc6 36. Nc3 Qc8 37. g4 Qc6 38. Kg2 g5 39. Nb5 Qc1 40.
Nd6 Qd2+ 41. Kf1 Nd5 42. Nf5+ Kh7 43. Qxd5 Qd1+ 44. Kf2 Qd2+ 1/2-1/2

[Event "4NCL Division 4 South"]
[Site "Reading, ENG"]
[Date "2018.05.07"]
[Round "11.43"]
[White "Reynolds, D Ian W"]
[Black "Gregory, Keith D F"]
[Result "0-1"]
[WhiteElo "1955"]
[BlackElo "1975"]
[PlyCount "98"]
[EventDate "2018.05.07"]

1. e4 d6 2. d4 Nf6 3. Nc3 Nbd7 4. Nf3 e5 5. Bc4 h6 6. O-O Be7 7. Qe2 c6 8. a3
O-O 9. h3 Re8 10. dxe5 dxe5 11. Ba2 Rf8 12. Rd1 Qc7 13. Be3 Nc5 14. Bxc5 Bxc5
15. Rd2 Qe7 16. Na4 Bd6 17. Rad1 Bc7 18. Qe3 Re8 19. Nh4 Kf8 20. g4 Nh5 21. Nf5
Bxf5 22. gxf5 Red8 23. Qc5 Nf6 24. Qxe7+ Kxe7 25. f3 b5 26. Nc3 Bb6+ 27. Kg2
Bd4 28. Rd3 a6 29. Re1 Nh5 30. Rdd1 Nf4+ 31. Kh2 g6 32. fxg6 fxg6 33. a4 Bf2
34. Rf1 Bd4 35. Rfe1 g5 36. Bb3 Rf8 37. axb5 axb5 38. Ra1 Kd6 39. Rxa8 Rxa8 40.
Nd1 Ke7 41. c3 Bb6 42. Kg3 Rd8 43. Rh1 Ng6 44. Rh2 Kf6 45. Bc2 h5 46. Re2 Nf4
47. Rh2 Bg1 48. Rh1 Rd2 49. Rxg1 Ne2+ 0-1

[Event "4NCL Division 4 South"]
[Site "Reading, ENG"]
[Date "2018.05.07"]
[Round "11.44"]
[White "Adaway, William"]
[Black "Calvert, D Ian"]
[Result "0-1"]
[WhiteElo "1864"]
[BlackElo "1912"]
[PlyCount "86"]
[EventDate "2018.05.07"]

1. e4 d5 2. exd5 Qxd5 3. Nf3 Bg4 4. Be2 Nc6 5. h3 Bxf3 6. Bxf3 Qe6+ 7. Qe2
Qxe2+ 8. Bxe2 O-O-O 9. O-O e5 10. c3 f5 11. b4 e4 12. f4 Nf6 13. Na3 g6 14. Nc4
Nd7 15. a4 Nb6 16. a5 Nxc4 17. Bxc4 Bg7 18. Ra2 Ne7 19. b5 Nd5 20. g3 Rhe8 21.
Re1 e3 22. Bxd5 Rxd5 23. d4 Rxb5 24. Bxe3 c5 25. Kf2 cxd4 26. Bxd4 Rxe1 27.
Kxe1 Bxd4 28. cxd4 Rb1+ 29. Kd2 Rh1 30. Rc2+ Kd7 31. h4 Rh2+ 32. Kc3 Rxc2+ 33.
Kxc2 b6 34. axb6 axb6 35. Kc3 Kc6 36. Kc4 b5+ 37. Kb4 Kd5 38. Kxb5 Kxd4 39. Kc6
Ke3 40. Kd5 Kf3 41. h5 Kxg3 42. Ke5 gxh5 43. Kxf5 h4 0-1

[Event "4NCL Division 4 South"]
[Site "Reading, ENG"]
[Date "2018.05.07"]
[Round "11.45"]
[White "Feavyour, John A"]
[Black "Coburn, Joseph A"]
[Result "1-0"]
[WhiteElo "1989"]
[BlackElo "1767"]
[PlyCount "109"]
[EventDate "2018.05.07"]

1. d4 d6 2. Nf3 Nf6 3. g3 g6 4. Bg2 Bg7 5. O-O O-O 6. c4 c6 7. Nc3 Bf5 8. Nh4
Bc8 9. e4 e5 10. d5 c5 11. h3 a6 12. Rb1 b5 13. cxb5 axb5 14. Nxb5 Ba6 15. a4
Bxb5 16. axb5 Ra5 17. Bd2 Rxb5 18. Qa4 Qb6 19. Bc3 Na6 20. Rfe1 Nb4 21. Bf1 Ra5
22. Qb3 Rfa8 23. Kg2 Nh5 24. Nf3 R5a7 25. Nd2 Qb8 26. Nc4 Bf8 27. Qd1 Rb7 28.
Be2 Ng7 29. f4 f6 30. fxe5 fxe5 31. Rf1 Qd8 32. Bd2 Raa7 33. Ra1 Rxa1 34. Qxa1
Nc2 35. Qa6 Rf7 36. Rxf7 Kxf7 37. Qb7+ Kg8 38. h4 Ne8 39. Bg5 Qc7 40. Qa8 Qf7
41. Bd2 Nd4 42. Bd1 Kg7 43. Qc8 Nf6 44. Bf3 Nxf3 45. Kxf3 Nxd5+ 46. Ke2 Ne7 47.
Qa6 Nc8 48. b3 Qd7 49. Qa8 Na7 50. Bh6+ Kxh6 51. Qxf8+ Kh5 52. Ne3 Nc6 53. Qf3+
Kh6 54. Ng4+ Kg7 55. Qf6+ 1-0

[Event "4NCL Division 4 South"]
[Site "Reading, ENG"]
[Date "2018.05.07"]
[Round "11.46"]
[White "Smith, Steven J"]
[Black "Botham, C Paul"]
[Result "1/2-1/2"]
[WhiteElo "1698"]
[BlackElo "1958"]
[PlyCount "85"]
[EventDate "2018.05.07"]

1. d4 Nf6 2. c4 g6 3. Nc3 d5 4. cxd5 Nxd5 5. e4 Nxc3 6. bxc3 Bg7 7. Bc4 O-O 8.
Ne2 c5 9. O-O Nc6 10. Be3 Qc7 11. Rc1 Rd8 12. Qd2 Na5 13. Bd3 b6 14. Bf4 e5 15.
Bg5 f6 16. Bh6 Bd7 17. Bxg7 Kxg7 18. d5 c4 19. Bb1 Nb7 20. f4 Rf8 21. Ng3 Qc5+
22. Kh1 Qe7 23. Rf2 Nd6 24. f5 g5 25. Nh5+ Kg8 26. g4 Be8 27. Ng3 b5 28. h3 a5
29. Rh2 Kg7 30. h4 h6 31. Kg2 Bf7 32. Rch1 Rh8 33. Kf3 Rag8 34. Rh3 Be8 35.
hxg5 fxg5 36. Qh2 Qf6 37. Bc2 Bf7 38. Qf2 Ra8 39. Qb6 Qe7 40. Nf1 Qd8 41. Qe3
Be8 42. Ng3 Ra6 43. Qc5 1/2-1/2

[Event "4NCL Division 4 South"]
[Site "Reading, ENG"]
[Date "2018.05.07"]
[Round "11.51"]
[White "Neatherway, A Philip"]
[Black "Watson, Mikey J"]
[Result "1/2-1/2"]
[WhiteElo "1810"]
[BlackElo "1997"]
[PlyCount "90"]
[EventDate "2018.05.07"]

1. e4 c6 2. d4 d5 3. exd5 cxd5 4. Bd3 Nc6 5. c3 Nf6 6. Bf4 Bg4 7. Qb3 Qd7 8.
Nd2 e6 9. Ngf3 Bh5 10. Ne5 Qc8 11. Bb5 Nd7 12. O-O Ndxe5 13. Bxe5 a6 14. Bxc6+
bxc6 15. Rfe1 Qd7 16. c4 f6 17. Bg3 Be7 18. Rac1 Bd8 19. Qa4 Bf7 20. Nb3 Bb6
21. c5 Bc7 22. Rc3 Bxg3 23. Rxg3 O-O 24. Na5 Rfb8 25. Rb3 Rb5 26. Rb4 Qc7 27.
Nb3 Qb7 28. a3 Rb8 29. Na5 Qc7 30. Nb3 Qb7 31. Na5 Rxb4 32. axb4 Qxb4 33. Qxb4
Rxb4 34. Nxc6 Rxb2 35. h3 Kf8 36. Ra1 $11 36... Be8 37. Rxa6 Bxc6 38. Rxc6 Ke7
39. Rc7+ Kf8 40. Rc6 Rb1+ 41. Kh2 e5 42. dxe5 fxe5 43. Rd6 d4 44. f4 Rc1 45. c6
exf4 1/2-1/2

[Event "4NCL Division 4 South"]
[Site "Reading, ENG"]
[Date "2018.05.07"]
[Round "11.52"]
[White "Watson, Jacob"]
[Black "Gentry, Alan E"]
[Result "1/2-1/2"]
[WhiteElo "1982"]
[BlackElo "1744"]
[PlyCount "80"]
[EventDate "2018.05.07"]

1. e4 c5 2. Nf3 d6 3. d4 cxd4 4. Nxd4 Nf6 5. Nc3 a6 6. g3 g6 7. Bg2 Bg7 8. O-O
Bd7 9. h3 Nc6 10. Be3 Rc8 11. Qd2 Ne5 12. b3 Qc7 13. Nce2 h5 14. c4 h4 15. f4
Nc6 16. f5 Ne5 17. Rae1 hxg3 18. Nxg3 b5 19. cxb5 axb5 20. Rc1 Qb7 21. Rxc8+
Bxc8 22. Qa5 Bd7 23. Rc1 O-O 24. Qd2 Rc8 25. Rf1 Qc7 26. Rc1 Qxc1+ 27. Qxc1
Rxc1+ 28. Bxc1 Nd3 29. Be3 Nc5 30. fxg6 fxg6 31. Bf1 b4 32. Bc4+ Kf8 33. e5
Nfe4 34. Nxe4 Nxe4 35. e6 Bxd4 36. Bxd4 Bc6 37. Bb2 Nd2 38. Bd3 Be4 39. Bb5 Bd5
40. Bd3 Be4 1/2-1/2

[Event "4NCL Division 4 South"]
[Site "Reading, ENG"]
[Date "2018.05.07"]
[Round "11.54"]
[White "Ratnesan, Rajeiv"]
[Black "Beckett, Richard"]
[Result "1-0"]
[WhiteElo "1627"]
[BlackElo "1646"]
[PlyCount "109"]
[EventDate "2018.05.07"]

1. Nf3 d5 2. g3 c5 3. Bg2 Nc6 4. d4 Nf6 5. O-O cxd4 6. Nxd4 e5 7. Nxc6 bxc6 8.
c4 Be7 9. Nc3 Be6 10. Qa4 O-O 11. Rd1 d4 12. Bg5 h6 13. Bxf6 Bxf6 14. Bxc6 Rc8
15. Nd5 Bg5 16. h4 Bxh4 17. gxh4 Qxh4 18. Qa3 Kh8 19. Bb5 f5 20. Qg3 Qxg3+ 21.
fxg3 Bxd5 22. cxd5 Rc2 23. b3 Rd8 24. Bd3 Rb2 25. Bc4 g6 26. a4 Kg7 27. a5 Kf6
28. Ra4 Rb8 29. Kf2 Ke7 30. Ke1 Kd6 31. Raa1 Kc5 32. Rd2 Rxd2 33. Kxd2 e4 34.
e3 d3 35. Rh1 h5 36. Kc3 Rb4 37. a6 Rb8 38. Ra1 Kd6 39. Kd4 g5 40. Rh1 Rh8 41.
b4 h4 42. gxh4 gxh4 43. b5 h3 44. Bb3 h2 45. Kc4 Rh3 46. b6 axb6 47. a7 Rh8 48.
Rxh2 Ra8 49. Ra2 Ke5 50. Kb5 f4 51. exf4+ Kxf4 52. Bc4 d2 53. Be2 Ke3 54. Bh5
Kd3 55. Kxb6 1-0